| 000 | 02394nam0a22003611 4500 | ||
|---|---|---|---|
| 001 | 2562897 | ||
| 005 | 20260408002232.0 | ||
| 021 |
_aRU _b79-42245 |
||
| 035 | _a(NLR Aleph) 006447818 | ||
| 090 |
_a5707109 _c5707109 |
||
| 100 | _a20110316d1979 u y0rusy50 ca | ||
| 101 | 0 | _arus | |
| 102 | _aRU | ||
| 105 | _ay z ||||| | ||
| 200 | 1 |
_aСлово руководителям среднего звена _fПодгот. Отд. пропаганды и агитации Новосиб. обкома КПСС |
|
| 210 |
_aНовосибирск _cЗап.-Сиб. кн. изд-во _d1979 |
||
| 215 |
_a5 отд. бр. в обертке _d17 |
||
| 225 | 1 | _aШкола мастерства | |
| 327 | 1 | _aСодерж.: [1]. Поперлюк В.И. Ипатовский метод - в действии; [2]. Семенова Р.П. К пятитысячному рубежу; [3]. Меркулова О.А. На промышленной основе; [4]. Лобес Д.Д. Укрепляем кормовую базу; [5]. Кнышенко И.Р. Щедрость земли в наших руках | |
| 464 | 0 |
_12001#$aНа промышленной основе _1700#1$aМеркулова$bО.А. _tНа промышленной основе _aМеркулова, О.А. |
|
| 464 | 0 |
_12001#$aУкрепляем кормовую базу _1700#1$aЛобес$bД.Д. _tУкрепляем кормовую базу _aЛобес, Д.Д. |
|
| 464 | 0 |
_12001#$aК пятитысячному рубежу _1700#1$aСеменова$bР.П. _tК пятитысячному рубежу _aСеменова, Р.П. |
|
| 464 | 0 |
_12001#$aЩедрость земли в наших руках _1700#1$aКнышенко$bИ.Р. _tЩедрость земли в наших руках _aКнышенко, И.Р. |
|
| 464 | 0 |
_12001#$aИпатовский метод - в действии _1700#1$aПоперлюк$bВ.И. _tИпатовский метод - в действии _aПоперлюк, В.И. |
|
| 686 |
_aУ9(2Р53)320-643.4,0 _2rubbk |
||
| 686 |
_aУ9(2)320-643.4,0 _2rubbk |
||
| 712 | 0 | 2 |
_aКПСС _bНовосибирский областной комитет _bОтдел пропаганды и агитации _3RU\NLR\AUTH\8810166627 _9829175 |
| 801 | 0 |
_aRU _bNLR _gpsbo |
|
| 801 | 1 |
_aRU _bELAR _2rusmarc |
|
| 852 |
_aNLR _jDesideratum |
||
| 899 |
_aRuMoRGB _jM 79-1/311 |
||
| 942 | _cBOOK | ||
| 980 | _aNB | ||